Bienvenido a nuestro catálago, Biblioteca Universidad Monteávila

Vista normal Vista MARC

Entrada Encabezamiento geográfico

Número de registros utilizados en: 26

001 - NÚMERO DE CONTROL

  • campo de control: 541

003 - IDENTIFICADOR DEL NÚMERO DE CONTROL

  • campo de control: vecauma

005 - FECHA Y HORA DE LA ÚLTIMA TRANSACCIÓN

  • campo de control: 20250709194826.0

008 - DATOS DE LONGITUD FIJA

  • campo de control de longitud fija: 220421|| aca||aabn | a|a d

040 ## - FUENTE DE LA CATALOGACIÓN

  • Centro catalogador/agencia de origen: vecauma

151 ## - ENCABEZAMIENTO TÉRMINO GEOGRÁFICO

  • Término geográfico: EUROPA

451 ## - REFERENCIA DE “VEASE” MATERIA GEOGRÁFICA

  • Término geográfico: Europe

451 ## - REFERENCIA DE “VEASE” MATERIA GEOGRÁFICA

  • Término geográfico: Países del Consejo de Europa

551 ## - REFERENCIA DE "VEASE ADEMAS" MATERIA GEOGRÁFICA

  • Término geográfico: EUROPA ORIENTAL
  • Subcampo de control: h

670 ## - FUENTE EN LA QUE SE LOCALIZARON DATOS

  • Cita de la fuente: Catálogo de Autoridades de la Biblioteca Nacional de España, 2022
  • Información localizada: (Europa)

Copyright @ UMA Library
Universidad Monteávila Caracas, Venezuela

Edif. Sede principal Universidad Monteávila. Av. El Buen Pastor. Boleíta Norte. Caracas. 
Customized by Universidad Monteávila

Con tecnología Koha